Mesiac máj s Pannou Máriou

Bibliographic Details
Main Author: Manelli, Stefano M., 1933- (Author)
Other Authors: Havrila, Efrém M. (Translator)
Format: Book
Language:Slovak
Italian
PhysicalDescription:232 strán ilustrácie 17 cm
Published: Číčov Misia Nepoškvrnenej o.z. 2024
ISBN:9788097453183
Edition:Prvé vydanie
Subjects:

MARC

LEADER 00000cam a2200000 4500
001 vtls012258610
003 SK-MaSNL
005 20260302095536.0
008 240626s2022 xo a gr 010 0 slo
015 |a SNBA2024/10 
020 |a 9788097453183  |q (brožované) 
040 |a SNK  |b slo  |c SNK  |e rda 
041 1 |a slo  |h ita 
044 |a xo  |c SK 
072 7 |a 27-5  |x Liturgia. Kresťanské umenie a symbolika. Duchovný život  |2 konspekt 
080 |a 27-312.47  |2 2011 
080 |a 27-532.2/.4  |2 2011 
080 |a (0:82-4)  |2 2011 
100 1 |a Manelli, Stefano M.,  |d 1933-  |4 aut  |9 347219 
240 1 0 |a Maggio mese di Maria  |l Slovensky 
245 1 0 |a Mesiac máj s Pannou Máriou  |c Stefano M. Manelli ; z talianskeho originálu Maggio mese di Maria ... preložil Efrém M. Havrila 
250 |a Prvé vydanie 
264 1 |a Číčov  |b Misia Nepoškvrnenej o.z.  |c 2024 
300 |a 232 strán  |b ilustrácie  |c 17 cm 
336 |a text  |b txt  |2 rdacontent 
337 |a bez média  |b n  |2 rdamedia 
338 |a zväzok  |b nc  |2 rdacarrier 
600 0 7 |a Mária,  |c matka Ježišova, svätá  |2 SNKMA  |9 157751 
650 0 7 |a mariánsky kult  |2 SNKPH  |9 1996 
650 0 7 |a Cult of Virgin Mary  |2 SNKPHeng  |9 276103 
650 0 7 |a Devotions  |2 SNKPHeng  |9 304465 
650 0 7 |a pobožnosti  |2 SNKPH  |9 74904 
655 7 |a úvahy  |2 SNKPH  |9 29403 
655 7 |a Essays  |2 SNKPHeng  |9 267540 
700 1 |a Havrila, Efrém M.  |4 trl  |9 347220 
852 |a Slovenská národná knižnica 
919 |a 978-80-974531-8-3 
954 |a duchovná literatúra cudzojazyčná (svetová)  |2 lita 
958 |a NT 
958 |a UP 
968 |b IT 
999 |c 1217331  |d 1219261 
952 |a SNK  |b SNK  |y PREZ  |7 0  |p 17A1550730  |o snkSD 92587  |i snk2024/10072  |8 0  |0 0  |1 0  |4 0  |d 2024-06-26  |l 0  |r 2026-02-24 23:33:15  |w 2026-02-24 
952 |a SNK  |b SNK  |y VYP  |7 0  |p 17A1550731  |o snkSD 92587 D1  |i snk2024/10073  |8 0  |0 0  |1 0  |4 0  |d 2024-06-26  |l 0  |r 2026-02-24 23:33:15  |w 2026-02-24